| 000 | 00812nam a2200229Ia 4500 | ||
|---|---|---|---|
| 999 |
_c36005 _d36005 |
||
| 001 | 1904 | ||
| 003 | GE_BSU | ||
| 005 | 20221010164043.0 | ||
| 008 | 181216s2007ru xx |||||||||||||| ||rus|| | ||
| 020 | _a299003259 | ||
| 040 | _cGE_BSU | ||
| 041 | _arus | ||
| 080 | _a34(038):61(038) А-79 | ||
| 100 |
_aАрдашева, Н.А. _915211 |
||
| 245 |
_aСловарь терминов и пониятий по медицинскому праву / _cН.А. Ардашева. |
||
| 264 |
_aСПБ : _bСпецлит, _c2007. |
||
| 300 |
_a528 с. : _b22 см. |
||
| 653 | _aСловарь терминов по медицинскому праву | ||
| 653 | _aსამედიცინო სამართლის ლექსიკონი | ||
| 653 | _aსამართლი | ||
| 942 |
_cBK _2udc |
||